Bibliography of basic texts and monographs on statistical methods, 1945-1960.

Bibliographic Details
Corporate Author: International Statistical Institute
Other Authors: Buckland, William R., Fox, R. A. (Ronald A.)
Format: Book
Language:English
Published: New York : Hafner Pub. Co., [1963]
Edition:[2d ed.].
Subjects:

MARC

Tag First Indicator Second Indicator Subfields
LEADER 00000cam a2200000 4500
001 in00000053038
005 20160130063337.0
008 730315s1963 eng u
010 |a  63005963  
035 |a (OCoLC)00581522 
035 |9 AAF4759AM 
040 |c WSU  |d TXA  |d UtOrBLW 
049 |a TXAM  |c [368313] 
090 |a Z7553.M48  |b I55 1963 
092 |a 311.2  |b A1I61b, 1963 
110 2 |a International Statistical Institute. 
245 1 0 |a Bibliography of basic texts and monographs on statistical methods, 1945-1960. 
250 |a [2d ed.]. 
264 1 |a New York :  |b Hafner Pub. Co.,  |c [1963] 
300 |a 297 pages 
336 |a text  |b txt  |2 rdacontent 
337 |a unmediated  |b n  |2 rdamedia 
338 |a volume  |b nc  |2 rdacarrier 
650 0 |a Statistics  |v Bibliography. 
700 1 |a Buckland, William R. 
700 1 |a Fox, R. A.  |q (Ronald A.) 
999 |a MARS 
999 f f |s d93c5bdb-1bbb-3188-83e2-bdb4cfdd1400  |i cb237c2e-faea-3fae-a04c-b9da9506805f  |t 0 
952 f f |p ric  |a Texas A&M University  |b Rellis Campus  |c Joint Library Facility  |d Remote Storage  |t 0  |e Z7553.M48 I55 1963  |h Library of Congress classification  |i unmediated -- volume  |m A14800652668 
998 f f |a Z7553.M48 I55 1963  |t 0  |l Remote Storage